| 000 | 01265nam0a22003011 4500 | ||
|---|---|---|---|
| 001 | rc\4583747 | ||
| 005 | 20250611201415.0 | ||
| 021 |
_aRU _bП1453-67 |
||
| 035 | _a(NLR Aleph) 008380719 | ||
| 090 |
_a9115846 _c9115846 |
||
| 100 | _a20130416d1967 |||y0rusy50 ca | ||
| 101 | 0 | _arus | |
| 102 | _aRU | ||
| 105 | _ay z ||||| | ||
| 200 | 1 |
_aСостояние и перспективы развития сырьевой базы графита СССР _fМ-во геологии СССР. ОНТИ ВИЭМС |
|
| 210 |
_aМосква _cБ. и. _d1967 |
||
| 215 |
_a34 с. _d20 |
||
| 225 | 1 |
_aОбзор _iСерия: Экономика минерального сырья и геологоразведочных работ _fВсесоюз. науч.-исслед. ин-т минерального сырья _v№ 9 |
|
| 300 | _aОтпеч. множит. аппаратом | ||
| 320 | _aБиблиогр.: с. 33 | ||
| 700 | 1 |
_aМельников _bИ.И. _gИван Иванович |
|
| 701 | 1 |
_7ca _8rus _aВеселовский _bВ. С. _f1900-1977 _gВсеволод Степанович _9187668 _3RU\NLR\AUTH\770187719 |
|
| 801 | 0 |
_aRU _bNLR _gpsbo |
|
| 801 | 1 |
_aRU _bELAR _2rusmarc |
|
| 852 |
_aNLR _jП7/1085 |
||
| 942 | _cBOOK | ||
| 980 | _aNB | ||